Interfaces between second language acquisition and language testing research (0 521 64963 3)
Kaydedildi:
| Yazar: | |
|---|---|
| Materyal Türü: | Kitap |
| Dil: | Undetermined |
| Baskı/Yayın Bilgisi: |
Cambridge
1998
|
| Etiketler: |
Etiketle
Etiket eklenmemiş, İlk siz ekleyin!
|
| Thư viện lưu trữ: | Trung tâm Học liệu Trường Đại học Cần Thơ |
|---|
| LEADER | 00497nam a2200145Ia 4500 | ||
|---|---|---|---|
| 001 | CTU_49311 | ||
| 008 | 210402s9999 xx 000 0 und d | ||
| 082 | |a 401.93 | ||
| 082 | |b I.61 | ||
| 100 | |a LYLE F BACHMAN | ||
| 245 | 0 | |a Interfaces between second language acquisition and language testing research (0 521 64963 3) | |
| 245 | 0 | |c LYLE F BACHMAN; Biên tập, hiệu đính: Andrew D. Cohen | |
| 260 | |b Cambridge | ||
| 260 | |c 1998 | ||
| 980 | |a Trung tâm Học liệu Trường Đại học Cần Thơ | ||